[Event "14. Open de la Constitución 2013"]
[Site "San Sebastian de los Reyes ES"]
[Date "2013.12.02"]
[Round "3.2"]
[White "Gonzalez Mateos, Rafael"]
[Black "Rubio Mejia, Luis Ignacio"]
[Result "0-1"]
[WhiteElo "2010"]
[BlackElo "2452"]
[PlyCount "64"]
[EventDate "2013.11.30"]
[EventType "swiss"]
[EventRounds "9"]
[EventCountry "ESP"]
[Source "lmi"]
[SourceDate "2013.11.30"]

1. d4 Nf6 2. c3 g6 3. Bg5 Bg7 4. Nd2 O-O 5. e4 d6 6. Ngf3 c5 7. Bd3 cxd4 8.
cxd4 h6 9. Bxf6 Bxf6 10. O-O Nc6 11. Nb3 Qb6 12. Qd2 Kg7 13. Qe3 Bg4 14. Nfd2
Bxd4 15. Qg3 Be6 16. Kh1 Bxb3 17. Nxb3 Bxb2 18. Rab1 Bf6 19. f4 Rac8 20. Nd2
Qd4 21. Rfd1 Qa4 22. Bb5 Qxa2 23. Bxc6 Rxc6 24. e5 dxe5 25. fxe5 Bg5 26. Nf3
Rfc8 27. h4 Rc1 28. Rdxc1 Rxc1+ 29. Rxc1 Bxc1 30. Qe1 Qa1 31. Qe4 Bf4+ 32. Ng1
Bxe5 0-1

[Event "14. Open de la Constitución 2013"]
[Site "San Sebastian de los Reyes ES"]
[Date "2013.12.02"]
[Round "3.3"]
[White "Hernando Pertierra, Jose C"]
[Black "Bustos Serrano, Doroteo"]
[Result "1-0"]
[WhiteElo "2379"]
[BlackElo "2055"]
[PlyCount "75"]
[EventDate "2013.11.30"]
[EventType "swiss"]
[EventRounds "9"]
[EventCountry "ESP"]
[Source "lmi"]
[SourceDate "2013.11.30"]

1. Nf3 d6 2. d4 g6 3. g3 Bg7 4. Bg2 Nf6 5. O-O O-O 6. c4 Nbd7 7. b3 c6 8. Bb2
Re8 9. Nc3 e5 10. e3 e4 11. Nd2 d5 12. Rc1 Nf8 13. cxd5 cxd5 14. Nb5 Ne6 15.
Qc2 a6 16. Nc7 Nxc7 17. Qxc7 Qxc7 18. Rxc7 Bf8 19. Rfc1 Bd6 20. R7c2 Bf5 21.
Nb1 Rac8 22. Ba3 Rxc2 23. Rxc2 Bxa3 24. Nxa3 Rc8 25. Rxc8+ Bxc8 26. Nb1 Kf8 27.
Nc3 Ke7 28. f3 exf3 29. Bxf3 Kd6 30. Kf2 Bf5 31. b4 Ne4+ 32. Bxe4 Bxe4 33. h4
f6 34. h5 b6 35. a3 g5 36. h6 f5 37. g4 fxg4 38. Nxe4+ 1-0

[Event "14. Open de la Constitución 2013"]
[Site "San Sebastian de los Reyes ES"]
[Date "2013.12.02"]
[Round "3.4"]
[White "Adan Bermudez, Sergio"]
[Black "Castejon Caballero, Natalia"]
[Result "1-0"]
[WhiteElo "2312"]
[BlackElo "2011"]
[PlyCount "85"]
[EventDate "2013.11.30"]
[EventType "swiss"]
[EventRounds "9"]
[EventCountry "ESP"]
[Source "lmi"]
[SourceDate "2013.11.30"]

1. c4 c6 2. Nf3 d5 3. b3 Bg4 4. e3 e5 5. h3 Bxf3 6. Qxf3 Nf6 7. Bb2 Bd6 8. cxd5
cxd5 9. Qg3 O-O 10. Bxe5 Bxe5 11. Qxe5 Nc6 12. Qb2 Rc8 13. Be2 d4 14. O-O Nb4
15. Na3 d3 16. Bf3 Qe7 17. Rac1 Ne4 18. Rxc8 Rxc8 19. Rc1 Rxc1+ 20. Qxc1 g6 21.
Bxe4 Qxe4 22. Qc8+ Kg7 23. Qc3+ Kg8 24. f3 Qe7 25. Nb5 a6 26. Nd4 Nxa2 27. Qxd3
Nb4 28. Qc4 h5 29. f4 b5 30. Qc8+ Kh7 31. Nf3 Kg7 32. f5 Qf6 33. fxg6 fxg6 34.
h4 Qa1+ 35. Kh2 Qf6 36. Qd7+ Kg8 37. Qe8+ Kg7 38. Ng5 Nd5 39. e4 Ne7 40. Qb8
Nc6 41. Qc7+ Ne7 42. d4 Kh8 43. d5 1-0

[Event "14. Open de la Constitución 2013"]
[Site "San Sebastian de los Reyes ES"]
[Date "2013.12.02"]
[Round "3.5"]
[White "Dierssen Garcia-Barredo, Guillermo"]
[Black "Valles Moreno, Ivan"]
[Result "0-1"]
[WhiteElo "1974"]
[BlackElo "2373"]
[PlyCount "110"]
[EventDate "2013.11.30"]
[EventType "swiss"]
[EventRounds "9"]
[EventCountry "ESP"]
[Source "lmi"]
[SourceDate "2013.11.30"]

1. d4 Nf6 2. c4 c5 3. d5 e5 4. Nc3 d6 5. e4 Be7 6. g3 h5 7. h4 Na6 8. Nh3 Nc7
9. Ng5 g6 10. a3 O-O 11. Bd2 Nce8 12. Bh3 Ng7 13. O-O Nfe8 14. Bxc8 Qxc8 15.
Kg2 f6 16. Nh3 f5 17. f4 Bf6 18. Qe2 a6 19. fxe5 dxe5 20. Be3 Nd6 21. Ng5 b5
22. cxb5 axb5 23. Rad1 b4 24. Nb5 Qa6 25. a4 Bxg5 26. Bxg5 Nxe4 27. Be7 Rfe8
28. d6 Qc6 29. Qc4+ Kh7 30. Kh2 Qd7 31. b3 Rxe7 32. dxe7 Qxe7 33. Qd5 Rf8 34.
Qd7 Qf6 35. Nc7 Rf7 36. Qc8 f4 37. gxf4 Nf5 38. Qd8 Re7 39. Rd3 Qxh4+ 40. Rh3
Qg4 41. Qd3 exf4 42. Nd5 Re5 43. Rxf4 Rxd5 44. Rxg4 Rxd3 45. Rxe4 Rd2+ 46. Kg1
Nd4 47. Re5 c4 48. bxc4 b3 49. Re7+ Kh6 50. Rb7 b2 51. a5 Rd1+ 52. Kf2 b1=Q 53.
Rxb1 Rxb1 54. Ra3 Nc6 55. a6 Rb4 0-1

[Event "14. Open de la Constitución 2013"]
[Site "San Sebastian de los Reyes ES"]
[Date "2013.12.02"]
[Round "3.6"]
[White "De La Orden Alcocer, Alejandro"]
[Black "Roa Alonso, Santiago"]
[Result "0-1"]
[WhiteElo "1931"]
[BlackElo "2401"]
[PlyCount "82"]
[EventDate "2013.11.30"]
[EventType "swiss"]
[EventRounds "9"]
[EventCountry "ESP"]
[Source "lmi"]
[SourceDate "2013.11.30"]

1. Nf3 Nf6 2. g3 d5 3. c4 dxc4 4. Qa4+ c6 5. Qxc4 e6 6. Bg2 Bd6 7. d3 O-O 8.
O-O e5 9. Qc2 Re8 10. Nc3 Nbd7 11. Ng5 h6 12. Nge4 Nxe4 13. Nxe4 Bf8 14. Be3
Nf6 15. Nxf6+ Qxf6 16. Bc5 Bxc5 17. Qxc5 Bg4 18. Qc2 Rad8 19. Rfe1 a6 20. Qa4
Rd4 21. Qb3 Qe7 22. Rac1 Be6 23. Qc3 Qd7 24. Rc2 h5 25. h4 Bd5 26. e4 Bxa2 27.
Re3 Be6 28. f4 exf4 29. gxf4 Bg4 30. Bf1 Qd6 31. Kg2 Re6 32. Rg3 Rf6 33. Rf2 c5
34. Qc1 Rg6 35. Qe3 Qe7 36. f5 Rb6 37. Qf4 f6 38. Rxg4 hxg4 39. Qxg4 c4 40. Qg3
Rb3 41. Rd2 Qxe4+ 0-1

[Event "14. Open de la Constitución 2013"]
[Site "San Sebastian de los Reyes ES"]
[Date "2013.12.02"]
[Round "3.7"]
[White "Quevedo Marin, Manuel"]
[Black "Marcos Herrero, Francisco"]
[Result "1-0"]
[WhiteElo "2167"]
[BlackElo "1939"]
[PlyCount "99"]
[EventDate "2013.11.30"]
[EventType "swiss"]
[EventRounds "9"]
[EventCountry "ESP"]
[Source "lmi"]
[SourceDate "2013.11.30"]

1. d4 Nf6 2. c4 c5 3. d5 b5 4. cxb5 a6 5. b6 d6 6. Nc3 Nbd7 7. e4 g6 8. Nf3 Bg7
9. a4 Qxb6 10. a5 Qa7 11. h3 Rb8 12. Bc4 O-O 13. O-O Ne8 14. Qd3 Nc7 15. Ra2 f5
16. Bg5 Bf6 17. Bxf6 Rxf6 18. Re1 fxe4 19. Nxe4 Rf7 20. Neg5 Rg7 21. b3 Nf6 22.
Ne4 Nce8 23. Ng3 Nc7 24. Rae2 Nb5 25. Qd2 Na3 26. Qh6 Nxc4 27. bxc4 Rb7 28. Ng5
Qb8 29. N5e4 Nxe4 30. Rxe4 Rb1 31. Qe3 Rxe1+ 32. Qxe1 Kf8 33. Nf1 Bf5 34. Re3
Rf7 35. Qc3 Kg8 36. Re2 Qf8 37. Ng3 Qg7 38. Qxg7+ Kxg7 39. Nxf5+ gxf5 40. Rb2
Kf6 41. f4 e6 42. Rb6 Rd7 43. Rxa6 exd5 44. cxd5 Ke7 45. Rb6 Ra7 46. a6 Kd7 47.
g4 fxg4 48. hxg4 h6 49. f5 Kc7 50. Rb7+ 1-0

[Event "14. Open de la Constitución 2013"]
[Site "San Sebastian de los Reyes ES"]
[Date "2013.12.02"]
[Round "3.8"]
[White "Minguela Muñoz, Bienvenido"]
[Black "Lopez De Turiso, Jose Angel"]
[Result "0-1"]
[WhiteElo "1817"]
[BlackElo "2123"]
[PlyCount "70"]
[EventDate "2013.11.30"]
[EventType "swiss"]
[EventRounds "9"]
[EventCountry "ESP"]
[Source "lmi"]
[SourceDate "2013.11.30"]

1. d4 f5 2. Nf3 Nf6 3. e3 e6 4. c4 Be7 5. Bd3 O-O 6. Nc3 d5 7. Ne5 c6 8. a4
Nbd7 9. f4 c5 10. O-O cxd4 11. exd4 dxc4 12. Nxc4 Nb6 13. Nxb6 Qxd4+ 14. Kh1
Qxb6 15. Qe2 Bc5 16. a5 Qc7 17. Bd2 Qf7 18. Bc4 Re8 19. Rf3 Bd7 20. Qe5 b6 21.
h3 Bc6 22. Rd3 Qg6 23. Qe2 Ne4 24. Nxe4 Bxe4 25. Rd7 Qg3 26. Ra3 Bxa3 27. bxa3
Qxh3+ 28. Kg1 Qxa3 29. Qh5 Re7 30. Bxe6+ Kh8 31. Bxf5 Qc5+ 32. Kh2 Bxf5 33.
Rxe7 Qxe7 34. Qxf5 Rd8 35. Qc2 Qe2 0-1

[Event "14. Open de la Constitución 2013"]
[Site "San Sebastian de los Reyes ES"]
[Date "2013.12.02"]
[Round "3.9"]
[White "Castejon Caballero, Andres"]
[Black "Largo Barbero, Benito"]
[Result "1-0"]
[WhiteElo "2121"]
[BlackElo "1920"]
[PlyCount "87"]
[EventDate "2013.11.30"]
[EventType "swiss"]
[EventRounds "9"]
[EventCountry "ESP"]
[Source "lmi"]
[SourceDate "2013.11.30"]

1. e4 d5 2. exd5 Qxd5 3. d4 Nf6 4. c4 Qe4+ 5. Ne2 e5 6. a3 exd4 7. Qxd4 Nc6 8.
Qxe4+ Nxe4 9. Nbc3 Nxc3 10. Nxc3 Bf5 11. Be3 O-O-O 12. Nd5 Bd6 13. O-O-O Na5
14. b4 c6 15. c5 Nb3+ 16. Kb2 Be5+ 17. Kxb3 cxd5 18. Bd4 Rhe8 19. Bb5 Re6 20.
Bxe5 Rxe5 21. Rhe1 Rxe1 22. Rxe1 Be6 23. Re5 a6 24. Bd3 Re8 25. Kc3 Kc7 26. Kd4
Kc6 27. f4 f6 28. Re3 g6 29. f5 Bf7 30. Rxe8 Bxe8 31. Bc2 Bf7 32. fxg6 hxg6 33.
Ba4+ Kc7 34. Bb3 Kc6 35. a4 f5 36. h4 Kc7 37. Bxd5 Be8 38. a5 Bc6 39. g3 Be8
40. Ke5 Bb5 41. Kf6 Bd3 42. Bf7 Kc6 43. Bxg6 Kb5 44. h5 1-0

[Event "14. Open de la Constitución 2013"]
[Site "San Sebastian de los Reyes ES"]
[Date "2013.12.02"]
[Round "3.10"]
[White "Alvarez Abejon, Amilcar"]
[Black "Mazo Fernandez, Roberto"]
[Result "1-0"]
[WhiteElo "2081"]
[BlackElo "1740"]
[PlyCount "120"]
[EventDate "2013.11.30"]
[EventType "swiss"]
[EventRounds "9"]
[EventCountry "ESP"]
[Source "lmi"]
[SourceDate "2013.11.30"]

1. d4 Nf6 2. c4 e6 3. Nc3 Bb4 4. e3 O-O 5. Bd3 d5 6. cxd5 exd5 7. Nge2 Re8 8.
O-O b6 9. Qc2 Bb7 10. Ng3 Nbd7 11. a3 Bxc3 12. bxc3 c5 13. Qd1 Ne4 14. Ne2 Ndf6
15. f3 Nd6 16. Ng3 Rc8 17. Ra2 cxd4 18. cxd4 Qd7 19. a4 Bc6 20. Re1 Rc7 21. Bc2
b5 22. Ba3 Nc4 23. e4 dxe4 24. fxe4 Nxa3 25. Rxa3 Qg4 26. Qxg4 Nxg4 27. Rc3
Rec8 28. Rb1 Bd7 29. Rxc7 Rxc7 30. Bd1 Ne3 31. Bb3 b4 32. h3 g6 33. Ne2 a5 34.
Kf2 Nf5 35. exf5 Bxf5 36. Rc1 Rxc1 37. Nxc1 Kf8 38. Ke3 Ke7 39. Nd3 h5 40. Ne5
f6 41. Nc6+ Kd7 42. Nxa5 g5 43. d5 h4 44. Nc6 g4 45. hxg4 Bxg4 46. Nxb4 h3 47.
gxh3 Bxh3 48. Kd4 Kc7 49. Kc5 Kb7 50. d6 Bd7 51. Nd5 f5 52. Nf6 Bc8 53. d7 Bxd7
54. Nxd7 f4 55. Kb5 f3 56. Bd5+ Ka7 57. Ne5 f2 58. Bg2 f1=Q+ 59. Bxf1 Kb7 60.
a5 Ka7 1-0

[Event "14. Open de la Constitución 2013"]
[Site "San Sebastian de los Reyes ES"]
[Date "2013.12.02"]
[Round "3.11"]
[White "Aziz Ortego, Omar Luis"]
[Black "Sebastian Enesco, Alex"]
[Result "1-0"]
[WhiteElo "2037"]
[BlackElo "1775"]
[PlyCount "78"]
[EventDate "2013.11.30"]
[EventType "swiss"]
[EventRounds "9"]
[EventCountry "ESP"]
[Source "lmi"]
[SourceDate "2013.11.30"]

1. e4 Nf6 2. f3 e5 3. d3 d5 4. c3 dxe4 5. fxe4 Bc5 6. Nf3 Nc6 7. b4 Bb6 8. a4
a5 9. b5 Na7 10. Nxe5 Nxe4 11. dxe4 Qh4+ 12. Kd2 Qf4+ 13. Kc2 Qxe5 14. Qf3 O-O
15. Bd3 Bd7 16. Rf1 c6 17. Bf4 Qe7 18. Qg3 Qe6 19. Bd6 Rfd8 20. h3 cxb5 21. Be5
Qg6 22. Na3 Qxg3 23. Bxg3 bxa4 24. Bc4 Be8 25. Bd5 Nc6 26. Rab1 Bc5 27. Nb5
Rac8 28. Nc7 Bd6 29. Bxd6 Rxd6 30. Nxe8 Rd7 31. Rxf7 Rxd5 32. Rxg7+ Kh8 33.
exd5 Nb4+ 34. Kd2 Rxe8 35. Rd7 Na6 36. Rbxb7 a3 37. Rxh7+ Kg8 38. Rbg7+ Kf8 39.
Ra7 a2 1-0

[Event "14. Open de la Constitución 2013"]
[Site "San Sebastian de los Reyes ES"]
[Date "2013.12.02"]
[Round "3.12"]
[White "Esquivias Gomez, Francisco J"]
[Black "Rodriguez Anton, Jose Miguel"]
[Result "1-0"]
[WhiteElo "1978"]
[BlackElo "1761"]
[PlyCount "71"]
[EventDate "2013.11.30"]
[EventType "swiss"]
[EventRounds "9"]
[EventCountry "ESP"]
[Source "lmi"]
[SourceDate "2013.11.30"]

1. e4 c5 2. Nc3 d6 3. f4 e6 4. Nf3 a6 5. a4 b6 6. Be2 Bb7 7. O-O Nd7 8. Kh1 Be7
9. Bc4 Ngf6 10. d3 d5 11. exd5 exd5 12. Bb3 d4 13. Ng5 O-O 14. Nce4 Nxe4 15.
Nxe4 Nf6 16. Ng5 h6 17. Nf3 Qd7 18. Ne5 Qh3 19. Qe2 Bd6 20. Kg1 Qh5 21. Qxh5
Nxh5 22. Bd2 Bxe5 23. fxe5 Rae8 24. g4 Rxe5 25. gxh5 Rxh5 26. Rae1 Rh4 27. Rf4
Rh5 28. Rf2 Rh4 29. Re7 Bc8 30. Rexf7 Rxf7 31. Rxf7 Kh7 32. Bd5 Bh3 33. Rf4 Rh5
34. Be4+ Kg8 35. Rf2 Bg4 36. Bf3 1-0

[Event "14. Open de la Constitución 2013"]
[Site "San Sebastian de los Reyes ES"]
[Date "2013.12.02"]
[Round "3.13"]
[White "Soto Martin, Pablo"]
[Black "Ruiz Sanchez, Roberto"]
[Result "1/2-1/2"]
[WhiteElo "1779"]
[BlackElo "1972"]
[PlyCount "96"]
[EventDate "2013.11.30"]
[EventType "swiss"]
[EventRounds "9"]
[EventCountry "ESP"]
[Source "lmi"]
[SourceDate "2013.11.30"]

1. e4 c6 2. d4 d5 3. Nc3 dxe4 4. Nxe4 Bf5 5. Ng3 Bg6 6. Bc4 e6 7. N1e2 Bd6 8.
h4 Nf6 9. h5 Be4 10. Nxe4 Nxe4 11. Qd3 Qa5+ 12. c3 Nf6 13. h6 g6 14. Qf3 Qf5
15. Qxf5 gxf5 16. f3 Rg8 17. Kf2 Nbd7 18. Nf4 Nd5 19. Nxd5 cxd5 20. Bd3 Nf6 21.
Bd2 a6 22. a4 O-O-O 23. b3 Rg3 24. c4 Rdg8 25. Rhg1 dxc4 26. bxc4 Nh5 27. c5
Bc7 28. c6 Nf4 29. cxb7+ Kxb7 30. Rgb1+ Ka7 31. Bxf4 Bxf4 32. Bf1 R3g6 33. a5
e5 34. Rb4 Rc8 35. dxe5 Rc2+ 36. Ke1 Bxe5 37. Kd1 Bxa1 38. Kxc2 Rxh6 39. Rf4
Rc6+ 40. Kb1 Bc3 41. Rxf5 f6 42. Bd3 h6 43. Be4 Rc4 44. Ka2 Be5 45. Kb3 Rc5 46.
f4 Bd4 47. Rxc5 Bxc5 48. g4 Be3 1/2-1/2

[Event "14. Open de la Constitución 2013"]
[Site "San Sebastian de los Reyes ES"]
[Date "2013.12.02"]
[Round "3.14"]
[White "Hernandez Ramos, David"]
[Black "Baeza Escudero, Javier"]
[Result "0-1"]
[WhiteElo "1753"]
[BlackElo "1969"]
[PlyCount "70"]
[EventDate "2013.11.30"]
[EventType "swiss"]
[EventRounds "9"]
[EventCountry "ESP"]
[Source "lmi"]
[SourceDate "2013.11.30"]

1. d4 d5 2. c4 e6 3. Nc3 Be7 4. Nf3 Nf6 5. cxd5 exd5 6. g3 Nbd7 7. Bg2 Nf8 8.
O-O Ne6 9. Ng5 O-O 10. Nxe6 Bxe6 11. Qb3 b6 12. Bg5 c6 13. Rac1 h6 14. Bf4 Rc8
15. Rfd1 Qd7 16. a3 Bh3 17. Bh1 Bf5 18. Be5 Ng4 19. Bf4 Nf6 20. Be5 Rfe8 21.
Bxf6 Bxf6 22. Rd2 Bg5 23. e3 Rxe3 24. fxe3 Bxe3+ 25. Rf2 Bxc1 26. Ne2 Bg5 27.
h4 Bf6 28. Qa4 Re8 29. Kh2 Be4 30. Bxe4 dxe4 31. Qb3 Re7 32. Qe3 Qd6 33. Kg2 c5
34. dxc5 bxc5 35. Rf4 Bxb2 0-1

[Event "14. Open de la Constitución 2013"]
[Site "San Sebastian de los Reyes ES"]
[Date "2013.12.02"]
[Round "3.15"]
[White "Serrano Martinez, Francisco Jose"]
[Black "Tronch Ilzarbe, Carlos Maria"]
[Result "1-0"]
[WhiteElo "1951"]
[BlackElo "1753"]
[PlyCount "61"]
[EventDate "2013.11.30"]
[EventType "swiss"]
[EventRounds "9"]
[EventCountry "ESP"]
[Source "lmi"]
[SourceDate "2013.11.30"]

1. e4 c5 2. d4 cxd4 3. c3 d3 4. Bxd3 e6 5. c4 d6 6. Nf3 e5 7. h3 h6 8. Nc3 Nf6
9. Be3 Be7 10. O-O Be6 11. Rc1 g5 12. c5 g4 13. cxd6 Bxd6 14. Nb5 O-O 15. Nxd6
gxf3 16. Qxf3 Kh7 17. Nxb7 Qe7 18. Bc5 Qxb7 19. Bxf8 Nbd7 20. Be7 Ng8 21. Ba3
Nb6 22. Bb5 Ne7 23. Bd6 Nd7 24. Bxd7 Qxd7 25. Bxe5 Qb5 26. Bf6 Nc6 27. e5 Rc8
28. Qe4+ Kg8 29. Rc3 Ne7 30. Bxe7 Rxc3 31. bxc3 1-0

[Event "14. Open de la Constitución 2013"]
[Site "San Sebastian de los Reyes ES"]
[Date "2013.12.02"]
[Round "3.16"]
[White "Martinez Miura, Enrique"]
[Black "Sacristan Virseda, Fernando"]
[Result "1/2-1/2"]
[WhiteElo "1693"]
[BlackElo "1941"]
[PlyCount "84"]
[EventDate "2013.11.30"]
[EventType "swiss"]
[EventRounds "9"]
[EventCountry "ESP"]
[Source "lmi"]
[SourceDate "2013.11.30"]

1. e4 c5 2. c4 g6 3. Nc3 Bg7 4. g3 Nc6 5. Bg2 d6 6. Nge2 e6 7. O-O Nge7 8. d3
Nd4 9. Nxd4 Bxd4 10. Rb1 a6 11. Ne2 Bg7 12. d4 O-O 13. Be3 Qc7 14. b3 e5 15.
dxe5 dxe5 16. Nc3 Be6 17. Nd5 Bxd5 18. exd5 Nf5 19. Qd2 Nd6 20. Bh6 a5 21. Bxg7
Kxg7 22. a4 Rae8 23. Bh3 b6 24. Rbe1 Kg8 25. f4 exf4 26. Qxf4 Re7 27. Re6 Rd8
28. Rf6 Kg7 29. Bg2 Qb8 30. Bh3 Nf5 31. Rxf5 gxf5 32. Qg5+ Kf8 33. Bxf5 Qe5 34.
Qh6+ Qg7 35. Qxb6 Qd4+ 36. Kh1 Rxd5 37. cxd5 Qxd5+ 38. Kg1 Re2 39. Qh6+ Ke8 40.
Bh3 Qd4+ 41. Kh1 Qe4+ 42. Kg1 Qd4+ 1/2-1/2

[Event "14. Open de la Constitución 2013"]
[Site "San Sebastian de los Reyes ES"]
[Date "2013.12.02"]
[Round "3.17"]
[White "Fernandez Aransay, Fernando"]
[Black "Menendez Hernandez, Jose Daniel"]
[Result "1-0"]
[WhiteElo "1860"]
[BlackElo "1705"]
[PlyCount "66"]
[EventDate "2013.11.30"]
[EventType "swiss"]
[EventRounds "9"]
[EventCountry "ESP"]
[Source "lmi"]
[SourceDate "2013.11.30"]

1. e4 c5 2. Nf3 g6 3. d4 cxd4 4. Nxd4 Nc6 5. c4 Bg7 6. Be3 d6 7. Nc3 Nf6 8. f3
O-O 9. Be2 Nd7 10. O-O Nb6 11. Qd2 Ne5 12. b3 a5 13. Nd5 Nxd5 14. exd5 Bd7 15.
Rab1 Qc8 16. Rfe1 Bf5 17. Rbd1 a4 18. Bg5 Re8 19. Nxf5 Qxf5 20. f4 axb3 21.
axb3 Ng4 22. Bxg4 Qxg4 23. Bxe7 Qd7 24. Bh4 Rxe1+ 25. Rxe1 Ra3 26. Qe3 h5 27.
Bf2 Qf5 28. Qb6 Qc2 29. Qxd6 Rxb3 30. Qd8+ Kh7 31. Qc7 b5 32. Qxf7 Qxc4 33. f5
Qd3 1-0

[Event "14. Open de la Constitución 2013"]
[Site "San Sebastian de los Reyes ES"]
[Date "2013.12.02"]
[Round "3.18"]
[White "Perez Del Amo, Jorge"]
[Black "Igea Benito, Angel"]
[Result "1/2-1/2"]
[WhiteElo "1847"]
[BlackElo "1583"]
[PlyCount "51"]
[EventDate "2013.11.30"]
[EventType "swiss"]
[EventRounds "9"]
[EventCountry "ESP"]
[Source "lmi"]
[SourceDate "2013.11.30"]

1. Nf3 d5 2. d4 Nf6 3. e3 e6 4. Bd3 c5 5. b3 Nc6 6. Bb2 a6 7. a3 b5 8. c4 bxc4
9. bxc4 cxd4 10. Nxd4 Ne5 11. cxd5 Nxd3+ 12. Qxd3 Qxd5 13. Qf1 Bb7 14. f3 Qc5
15. Qe2 Be7 16. Nd2 O-O 17. O-O Rfd8 18. Rac1 Qd5 19. e4 Qd7 20. N2b3 Rac8 21.
Rfd1 Qa4 22. Rxc8 Rxc8 23. Ra1 Kf8 24. Qd3 Rd8 25. Qe3 Rc8 26. Qd3 1/2-1/2

[Event "14. Open de la Constitución 2013"]
[Site "San Sebastian de los Reyes ES"]
[Date "2013.12.02"]
[Round "3.20"]
[White "Soto Martin, Miguel"]
[Black "Camarero Izquierdo, Juan Carlos"]
[Result "0-1"]
[WhiteElo "1637"]
[BlackElo "1845"]
[PlyCount "85"]
[EventDate "2013.11.30"]
[EventType "swiss"]
[EventRounds "9"]
[EventCountry "ESP"]
[Source "lmi"]
[SourceDate "2013.11.30"]

1. d4 f5 2. g3 Nf6 3. Bg2 d5 4. Nh3 Nc6 5. Nf4 e6 6. c3 Bd6 7. Nd3 Ne4 8. Bf4
O-O 9. Nd2 Kh8 10. Bxd6 Qxd6 11. Nf3 Bd7 12. Nfe5 Rf6 13. O-O Raf8 14. Qc1 Rh6
15. f3 Nf6 16. Nxd7 Nxd7 17. e4 Ne7 18. e5 Qc6 19. Nb4 Qb6 20. Nd3 Qb5 21. Qc2
Nb6 22. b3 Qe8 23. f4 Rg8 24. c4 g5 25. cxd5 Nbxd5 26. Qd2 g4 27. Bxd5 Nxd5 28.
Nb4 Qd7 29. Rac1 c6 30. Nd3 Rd8 31. Rfd1 Rg6 32. a4 h5 33. Kf2 h4 34. Nc5 Qh7
35. Rh1 Rh6 36. Kg2 Rg8 37. Nd3 Rh5 38. Nb4 Nc7 39. a5 a6 40. Na2 Rg6 41. Nc3
Rgh6 42. Qf2 hxg3 43. Qg1 0-1

[Event "14. Open de la Constitución 2013"]
[Site "San Sebastian de los Reyes ES"]
[Date "2013.12.02"]
[Round "3.22"]
[White "Garcia Martin, Juan Manuel"]
[Black "Benito Mellado, Humberto"]
[Result "1-0"]
[WhiteElo "1797"]
[BlackElo "1542"]
[PlyCount "59"]
[EventDate "2013.11.30"]
[EventType "swiss"]
[EventRounds "9"]
[EventCountry "ESP"]
[Source "lmi"]
[SourceDate "2013.11.30"]

1. d4 d5 2. Bf4 Nf6 3. Nf3 Bg4 4. e3 Nbd7 5. Be2 Nh5 6. Bg5 h6 7. Bh4 g5 8. Bg3
Nxg3 9. hxg3 Bg7 10. c3 O-O 11. Qc2 e6 12. Ne5 Nxe5 13. dxe5 Bxe2 14. Kxe2 c5
15. Nd2 f5 16. f4 Rc8 17. Qa4 a5 18. Rh5 g4 19. Rah1 c4 20. Nb1 Qb6 21. Nd2 Rc6
22. Rb1 Qa6 23. Qd1 Rfc8 24. Qh1 R8c7 25. Qh4 b5 26. Rh1 Qb7 27. Rxh6 Bxh6 28.
Qxh6 Rh7 29. Qg6+ Qg7 30. Qe8+ 1-0

[Event "14. Open de la Constitución 2013"]
[Site "San Sebastian de los Reyes ES"]
[Date "2013.12.02"]
[Round "3.23"]
[White "Hernandez Ramos, Alberto"]
[Black "Cavalle Pulla, Daniel"]
[Result "1/2-1/2"]
[WhiteElo "1457"]
[BlackElo "1985"]
[PlyCount "89"]
[EventDate "2013.11.30"]
[EventType "swiss"]
[EventRounds "9"]
[EventCountry "ESP"]
[Source "lmi"]
[SourceDate "2013.11.30"]

1. e4 c5 2. Nf3 e6 3. d4 cxd4 4. Nxd4 Nf6 5. Nc3 Bb4 6. f3 Nc6 7. Bf4 Qa5 8.
Qd2 d5 9. Ndb5 O-O 10. Bc7 Bxc3 11. Qxc3 Qxc3+ 12. Nxc3 dxe4 13. fxe4 b6 14.
O-O-O Bb7 15. Bc4 Rac8 16. Bg3 Na5 17. Bd3 Nh5 18. Bd6 Rfd8 19. Be7 Rd7 20. Bg5
h6 21. Be3 Nf6 22. h3 Rcd8 23. Rhg1 Nc6 24. Bb5 Rxd1+ 25. Rxd1 Rxd1+ 26. Kxd1
Ne5 27. Bd3 Nfd7 28. Bd4 Kf8 29. Kd2 Ng6 30. g3 Nge5 31. Ke2 Nc6 32. Be3 Nde5
33. Nb5 Ke7 34. Nd4 Nb4 35. a3 Nbxd3 36. cxd3 Ba6 37. Kd2 Bxd3 38. Bf4 f6 39.
Bxe5 fxe5 40. Kxd3 exd4 41. e5 Kd7 42. Kxd4 Kc6 43. Kc4 a6 44. b4 Kd7 45. a4
1/2-1/2

[Event "14. Open de la Constitución 2013"]
[Site "San Sebastian de los Reyes ES"]
[Date "2013.12.02"]
[Round "3.24"]
[White "Guillo Longares, Cecilia"]
[Black "Alvarez Gonzalez, Eduardo"]
[Result "0-1"]
[WhiteElo "1398"]
[BlackElo "1805"]
[PlyCount "132"]
[EventDate "2013.11.30"]
[EventType "swiss"]
[EventRounds "9"]
[EventCountry "ESP"]
[Source "lmi"]
[SourceDate "2013.11.30"]

1. c4 e5 2. Nc3 Nf6 3. g3 Nc6 4. Bg2 Bb4 5. Nd5 Nxd5 6. Bxd5 O-O 7. a3 Be7 8.
d3 Bf6 9. Rb1 Ne7 10. Bg2 c6 11. Nf3 d5 12. cxd5 Nxd5 13. O-O Qe7 14. Bd2 Re8
15. Ne1 Be6 16. Nc2 Qd7 17. Ne3 Nxe3 18. Bxe3 Bd5 19. Rc1 Bxg2 20. Kxg2 e4 21.
Qc2 exd3 22. exd3 Qd5+ 23. Kg1 a6 24. b3 Rad8 25. Rfd1 h5 26. a4 h4 27. Qc4
hxg3 28. hxg3 Qf3 29. Qf4 Qxf4 30. Bxf4 Rd5 31. Kf1 Bd4 32. Rc4 f6 33. Re1
Rxe1+ 34. Kxe1 Kf7 35. Ke2 Ke6 36. g4 g5 37. Bg3 f5 38. f3 f4 39. Be1 Re5+ 40.
Kd2 Kd5 41. b4 b6 42. a5 b5 43. Rc2 Kd6 44. Kd1 c5 45. Re2 Rxe2 46. Kxe2 cxb4
47. Bxb4+ Bc5 48. Bc3 Ke6 49. d4 Be7 50. Kd3 Kd5 51. Bd2 b4 52. Be1 b3 53. Bc3
Bd6 54. Bb2 Bb4 55. Bc3 Bxc3 56. Kxc3 b2 57. Kxb2 Kxd4 58. Kb3 Ke3 59. Kc4 Kxf3
60. Kd3 Kxg4 61. Ke2 Kf5 62. Kf3 g4+ 63. Kf2 Ke4 64. Ke2 g3 65. Kf1 f3 66. Ke1
Ke3 0-1

[Event "14. Open de la Constitución 2013"]
[Site "San Sebastian de los Reyes ES"]
[Date "2013.12.02"]
[Round "3.25"]
[White "Jimenez Perez, Federico"]
[Black "Sanchez Ortega, Ruben"]
[Result "0-1"]
[WhiteElo "1289"]
[BlackElo "1558"]
[PlyCount "64"]
[EventDate "2013.11.30"]
[EventType "swiss"]
[EventRounds "9"]
[EventCountry "ESP"]
[Source "lmi"]
[SourceDate "2013.11.30"]

1. e4 e6 2. d4 d5 3. Nc3 dxe4 4. Nxe4 Bd7 5. Bc4 Bc6 6. Qf3 Qxd4 7. Bd3 f5 8.
Qe3 Qxe3+ 9. Bxe3 fxe4 10. Bc4 Bd5 11. Bb3 Nf6 12. O-O-O Bxb3 13. axb3 Bd6 14.
Nh3 O-O 15. Rhf1 Nc6 16. Ng5 Rae8 17. g3 h6 18. Nh3 Ng4 19. Nf4 Nxh2 20. Rh1
Bxf4 21. gxf4 Nf3 22. Rh3 Rd8 23. Rdh1 Rf5 24. c4 Nb4 25. Rg3 Kh7 26. Rg4 Ra5
27. Kb1 Nd2+ 28. Bxd2 Rxd2 29. Rhg1 g5 30. Rh1 Nc2 31. Rxh6+ Kxh6 32. fxg5+ Kg6
0-1